Представление документа в формате MARC21

ПолеНазваниеЗначение
  Тип записи a
  Библиографический уровень m
001 Контрольный номер RU/URAIT/536194
003 Принадлежность контрольного номера https://urait.ru/bcode/536194
005 Дата корректировки 20240827112711.5
008 Кодируемые данные
020 Индекс ISBN __
a ISBN 978-5-534-00351-2
c Цена, тираж 1479.00
040 Источник каталогиз. __
a Служба первич. каталог. ИКО Юрайт
b Код языка каталог. rus
c Служба, преобразующая запись ИКО Юрайт
041 Код языка издания 0_
a Код языка текста rus
044 Код страны публикации __
a Код страны публикации RU
073 _1
a 9785534003512
d 1479.00
080 Индекс УДК __
a Индекс УДК 347(075.8)
084 Индекс другой классификации/Индекс ББК __
a Индекс другой классификации/Индекс ББК 67я73
2 Источник индекса rubbk
091 Индексы/ коды __
a Индекс ББК (DOS) 67я73
z rubbk
100 Автор 1_
a Автор Одинцова М. И.
q Полное имя Марина Игоревна
230 __
a Электрон. дан.
245 Заглавие 00
a Заглавие Экономика права
b Продолж. заглавия учебное пособие
c Ответственность М. И. Одинцова.
250 Сведения об издании __
a Основные сведения об издании 2-е изд.
b Дополнительные сведения об издании пер. и доп
260 Выходные данные 1_
a Место издания Москва
b Издательство Юрайт
c Дата издания 2024
300 Физическое описание __
a Объем 345 с
440 Серия _0
a Серия Высшее образование
500 Примечания __
a Примечание URL: https://urait.ru/bcode/536194 (дата обращения: 27.08.2024).
520 Аннотация __
a Аннотация В учебнике раскрываются вопросы особенности экономического права, применимости экономического анализа к праву. Рассматриваются теории права, конкурирующие подходы в экономике права. Подробно рассматриваются эффективность в качестве оценки правовых норм, экономический анализ права собственности, договорного права, ответственности за неумышленное причинение вреда. Вниманию читателей представляются многочисленные примеры из судебной практики. Представленный материал поможет студентам сформировать целостное представление о совокупности правовых норм, их влияния на человеческую жизнь. Структура и подача материала делает учебник понятным и интересным. Учебник будет полезен студентам экономических и юридических специальностей.
538 Прим. о системных особенностях __
a Прим. о системных особенностях Режим доступа: Электронно-библиотечная система Юрайт, для авториз. пользователей
653 Ключевые слова 2_
a Ключевые слова Экономика: общие работы
653 Ключевые слова 2_
a Ключевые слова Экономические науки
653 Ключевые слова 2_
a Ключевые слова Экономика права
856 Электронный адрес документа 40
n Местонахождение сервера Юрайт
g Электронная книга
q Тип электронного формата html
h Имя пользователя ЮРАЙТ
v Часы доступа к ресурсу 20251231
2 Способ доступа Показать документ
x Служебное примечание https://urait.ru/book/cover/CA126042-3B23-4980-A9BD-B39289C693A7
u URL https://urait.ru/bcode/536194
856 Электронный адрес документа 41
q Тип электронного формата cover
u URL https://urait.ru/book/cover/CA126042-3B23-4980-A9BD-B39289C693A7